00598nam a2200205Ia 4500003000400000005001700004008004100021020001500062040001800077041000800095082002100103100002100124245006400145250001200209260005600221300002900277650003000306650002800336650002800364OSt20251209162348.0210716s1997 xx 000 0 und d a8175151404 cAIMIT LIBRARY aeng a006.37 21bFREW aFreeze, Wayne S. aProgramming isapi with visual basic 5 /cBy Wayne S Freeze. a1st ed. aNew Delhi :bGalgotia Publications Pvt Ltd ,c1997. axxx,467p. ;bPBc24.1 cm aBasic webmaster functions aFor advanced users only aPutting it all together